00373nam a22001337a 450000500170000000800410001704100130005808200130007110000130008424500390009726000460013630000310018265000260021320240702065043.0240702b |||||||| |||| 00| 0 eng d aEnglish  a349 ANN  lEnglish  aAnnual Survey of South African Law aCape Town: bJuta and Company Ltd, c1998 bxlix, 918 pages; c23 cm.  aLegal practice bLaw